| 000 | 00734nam a2200241 i 4500 | ||
|---|---|---|---|
| 001 | 96895 | ||
| 003 | ES-MaACL | ||
| 005 | 20250519152250.0 | ||
| 007 | t| | ||
| 008 | 050704s1944 ag |||| |dspa d | ||
| 100 | 0 |
_aMann, Thomas, _d1875-1955 _976055 |
|
| 245 | 1 | 0 |
_aFreud, Goethe, Wagner, Tolstoi / _cThomas Mann. |
| 260 |
_aBuenos Aires : _bPoseidón, _c1944. |
||
| 300 |
_a270 p. ; _c20 cm. |
||
| 490 | 1 | _aEnsayos | |
| 600 | 1 | 4 |
_aFreud, Sigmund, _d1856-1939 _952547 |
| 600 | 1 | 4 |
_aGoethe, Johann Wolfgang von, _d1749-1832 _957568 |
| 600 | 1 | 4 |
_aWagner, Richard, _d1813-1883 _9240522 |
| 600 | 1 | 4 |
_aTolstói, Lev, _d1828-1910 _9110489 |
| 830 | 0 |
_aEnsayos _9176633 |
|
| 852 |
_aES-MaACL _jB-10281 |
||
| 999 |
_c96895 _d96895 |
||